|
|
|
|
| LEADER |
00922nta a2200193 i 4500 |
| 001 |
dipl135044 |
| 005 |
20230914091517.0 |
| 008 |
230802s2022 hu om 0|| hun d |
| 040 |
|
|
|a SZTE Diploma Repozitórium
|b hun
|
| 041 |
|
|
|a hun
|
| 100 |
1 |
|
|a Horváth Gergely Mihály
|
| 245 |
1 |
0 |
|a Társadalmi vállalkozások fejlesztési lehetőségei a dél-alföldi régióban a 2014-2020 időszak pályázati felhívásainak tükrében
|h [elektronikus dokumentum] /
|c Gergely Mihály Horváth
|
| 246 |
1 |
0 |
|a Social enterprise development opportunities in the Southern Great Plain region in the light of the calls for proposals 2014-2020
|h [elektronikus dokumentum]
|
| 260 |
|
|
|c 2022
|
| 650 |
|
4 |
|a Pedagógusképzés
|
| 650 |
|
4 |
|a Social sciences
|
| 650 |
|
4 |
|a Social sciences, interdisciplinary
|
| 700 |
1 |
|
|a Jancsák Csaba
|e ths
|
| 856 |
4 |
0 |
|u https://diploma.bibl.u-szeged.hu/id/eprint/135044/1/2022_horvath_gergely_mihaly.pdf
|z Dokumentum-elérés
|